<?xml version="1.0" encoding="UTF-8"?>
<record
    xmlns:xsi="http://www.w3.org/2001/XMLSchema-instance"
    xsi:schemaLocation="http://www.loc.gov/MARC21/slim http://www.loc.gov/standards/marcxml/schema/MARC21slim.xsd"
    xmlns="http://www.loc.gov/MARC21/slim">

  <leader>00785nam a22002057a 4500</leader>
  <controlfield tag="005">20161213130920.0</controlfield>
  <controlfield tag="008">161111b        mx ||||| |||| 00| 0 spa d</controlfield>
  <datafield tag="020" ind1=" " ind2=" ">
    <subfield code="a">9786079331047</subfield>
  </datafield>
  <datafield tag="050" ind1="0" ind2="4">
    <subfield code="a">QK211 </subfield>
    <subfield code="b">V39 2014</subfield>
  </datafield>
  <datafield tag="100" ind1="1" ind2=" ">
    <subfield code="a">V&#xE1;zquez-Ram&#xED;rez, Jer&#xF3;nimo</subfield>
  </datafield>
  <datafield tag="245" ind1="1" ind2="0">
    <subfield code="a">Gu&#xED;a bot&#xE1;nica del Parque Nacional Cofre de Perote /</subfield>
    <subfield code="c">Jer&#xF3;nimo V&#xE1;zquez-Ram&#xED;rez, Miguel de Jes&#xFA;s Ch&#xE1;zaro-Basa&#xF1;ez, Hector V. Narave-Flores</subfield>
  </datafield>
  <datafield tag="250" ind1=" " ind2=" ">
    <subfield code="a">1a ed.</subfield>
  </datafield>
  <datafield tag="260" ind1=" " ind2=" ">
    <subfield code="a">M&#xE9;xico :</subfield>
    <subfield code="b">Universidad Veracruzana,</subfield>
    <subfield code="c">2014</subfield>
  </datafield>
  <datafield tag="300" ind1=" " ind2=" ">
    <subfield code="a">186 p. :</subfield>
    <subfield code="b">il.;</subfield>
    <subfield code="c">21 cm.</subfield>
  </datafield>
  <datafield tag="504" ind1=" " ind2=" ">
    <subfield code="a">Incluye bibliografias e &#xED;ndice</subfield>
  </datafield>
  <datafield tag="650" ind1=" " ind2="7">
    <subfield code="2">LEMB</subfield>
    <subfield code="a">Bot&#xE1;nica </subfield>
    <subfield code="x"> Parque Nacional Cofre de Perote</subfield>
    <subfield code="z">M&#xE9;xico </subfield>
  </datafield>
  <datafield tag="700" ind1="1" ind2=" ">
    <subfield code="a">Ch&#xE1;zaro-Basa&#xF1;ez, Miguel de Jes&#xFA;s</subfield>
    <subfield code="e">coaut.</subfield>
  </datafield>
  <datafield tag="700" ind1="1" ind2=" ">
    <subfield code="a">Narave-Flores, H&#xE9;ctor,</subfield>
    <subfield code="e">coaut.</subfield>
  </datafield>
  <datafield tag="942" ind1=" " ind2=" ">
    <subfield code="2">lcc</subfield>
    <subfield code="c">LIB</subfield>
  </datafield>
  <datafield tag="999" ind1=" " ind2=" ">
    <subfield code="c">121402</subfield>
    <subfield code="d">121402</subfield>
  </datafield>
  <datafield tag="952" ind1=" " ind2=" ">
    <subfield code="1">0</subfield>
    <subfield code="2">lcc</subfield>
    <subfield code="4">0</subfield>
    <subfield code="7">3</subfield>
    <subfield code="a">LIC-032</subfield>
    <subfield code="b">LIC-032</subfield>
    <subfield code="c">GENERAL</subfield>
    <subfield code="d">2016-11-11</subfield>
    <subfield code="f">1a. ed.</subfield>
    <subfield code="i">CBA</subfield>
    <subfield code="k">CNE</subfield>
    <subfield code="o">QK211 V39 2014</subfield>
    <subfield code="p">BFB000006523</subfield>
    <subfield code="r">2016-11-11 00:00:00</subfield>
    <subfield code="t">C:1</subfield>
    <subfield code="y">LIB</subfield>
  </datafield>
</record>
